[Event "ch-USA Women TB 2022"]
[Site "Saint Louis USA"]
[Date "2022.10.20"]
[Round "2.1"]
[White "Krush,I"]
[Black "Yu,Jennifer"]
[Result "1-0"]
[WhiteElo "2432"]
[BlackElo "2297"]

1.d4 d5 2.c4 c6 3.cxd5 cxd5 4.Bf4 Nf6 5.e3 Nc6 6.Bb5 Qa5+ 7.Nc3 Bd7 8.Ne2 e6
9.O-O a6 10.Bd3 Be7 11.a3 b5 12.Nb1 Qb6 13.Nd2 Na5 14.b4 Nc4 15.Nb3 O-O 16.Nc5 Bxc5
17.dxc5 Qb7 18.Bc2 h6 19.Qd3 e5 20.Bg3 g6 21.Qc3 Rfe8 22.f3 Bc6 23.Bb3 Qe7
24.Rfe1 Rad8 25.Bh4 Qe6 26.Bf2 Nd7 27.a4 Nb8 28.axb5 Bxb5 29.Rec1 Qc6 30.e4 d4
31.Nxd4 exd4 32.Bxd4 Ne5 33.Bd5 Rxd5 34.exd5 Qxd5 35.Re1 Nc4 36.Rxe8+ Bxe8
37.Bh8 f6 38.Qxf6 Qf7 39.Qc3 Bb5 40.Rd1 Nc6 41.Bf6 Qe6 42.Re1 Qd7 43.h4 Nd2
44.Be5 Nxe5 45.Qxe5 Nc4 46.Qf6 Qf7 47.Qd8+ Kg7 48.Re7  1-0

[Event "ch-USA Women TB 2022"]
[Site "Saint Louis USA"]
[Date "2022.10.20"]
[Round "3.1"]
[White "Krush,I"]
[Black "Yu,Jennifer"]
[Result "0-1"]
[WhiteElo "2432"]
[BlackElo "2297"]

1.Nf3 d5 2.g3 g6 3.Bg2 Bg7 4.O-O e5 5.d3 Ne7 6.Nbd2 O-O 7.e4 d4 8.Ne1 Nbc6
9.f4 Bg4 10.Qxg4 f5 11.Qe2 Qd7 12.Nef3 Rae8 13.fxe5 Nxe5 14.Nxe5 Bxe5 15.exf5 Nxf5
16.Ne4 b6 17.Bd2 c5 18.Rf2 Re7 19.Raf1 Rfe8 20.Bh3 Rf7 21.g4 Nd6 22.Nxd6 Bxh2+
23.Kxh2 Qxd6+ 24.Kh1 Rxe2 25.Rxe2 Qd5+ 26.Kg1 Rxf1+ 27.Bxf1 Qf3 28.g5 Qg4+
29.Rg2 Qd1 30.Bf4 Qf3 31.Rf2 Qg4+ 32.Bg2 Qd1+ 33.Kh2 Qe1 34.Bd5+ Kg7 35.Bg3 Qe8
36.Kg2 h5 37.Rf7+ Kh8 38.Kf1 Qe3 39.Rf8+ Kg7 40.Rf7+ Kh8 41.Bf2 Qc1+ 42.Be1 Qxg5
43.Be4 Qg4 44.Bf2 Qd1+ 45.Kg2 Qg4+ 46.Kh2 Kg8 47.Rf3 h4  0-1

[Event "PRO League Prelim 2023"]
[Site "chess.com INT"]
[Date "2023.02.15"]
[Round "1.1"]
[White "Krush,I"]
[Black "Carlsen,M"]
[Result "0-1"]
[WhiteElo "2432"]
[BlackElo "2852"]

1.d4 Nf6 2.c4 g6 3.Nc3 Bg7 4.e4 d6 5.Nf3 O-O 6.Be2 c6 7.O-O e5 8.Be3 exd4
9.Nxd4 Re8 10.f3 d5 11.cxd5 Nxd5 12.Nxd5 cxd5 13.Kh1 Nc6 14.Nxc6 bxc6 15.Bd4 Bxd4
16.Qxd4 dxe4 17.Qxd8 Rxd8 18.fxe4 Be6 19.b3 Rd2 20.Bf3 c5 21.Rfc1 Rc8 22.Rc3 a5
23.h4 Kg7 24.e5 Rd4 25.g3 c4 26.Rac1 cxb3 27.axb3 Rb8 28.Ra1 Rb5 29.Ra3 Rxe5
30.Kg1 Rd2 31.Ra1 Rb2 32.Ra3 Re1+  0-1

[Event "PRO League Prelim 2023"]
[Site "chess.com INT"]
[Date "2023.02.15"]
[Round "1.4"]
[White "Yu,Jennifer"]
[Black "Krush,I"]
[Result "1/2-1/2"]
[WhiteElo "2303"]
[BlackElo "2432"]

1.d4 d5 2.c4 e6 3.Nc3 c6 4.e3 Nf6 5.Nf3 Nbd7 6.b3 Bb4 7.Bd2 O-O 8.Bd3 Bd6
9.cxd5 exd5 10.O-O Qe7 11.Qc2 Re8 12.Ne2 Ne4 13.Ng3 Ndf6 14.Bc3 Nxg3 15.hxg3 Ne4
16.Bxe4 dxe4 17.Ne5 Bf5 18.f3 f6 19.fxe4 Bc8 20.Nc4 Bxg3 21.Rf3 Bc7 22.e5 fxe5
23.Nxe5 Bxe5 24.dxe5 Be6 25.Raf1 c5 26.Bb2 Rac8 27.Qe4 b5 28.Qf4 Rf8 29.Qg3 Rxf3
30.Rxf3 Rd8 31.Rf2 Rd1+ 32.Kh2 h6 33.Qf4 Qd8 34.Bc3 Rd3 35.Bb2 b4 36.Qe4 Rd1
37.Qf4 a5 38.Qe4 Rd3 39.Qf4 Rd1 40.Qg3 Rd3 41.Qf4 Rd1  1/2-1/2

[Event "PRO League Prelim 2023"]
[Site "chess.com INT"]
[Date "2023.02.15"]
[Round "1.2"]
[White "Tari,A"]
[Black "Krush,I"]
[Result "1-0"]
[WhiteElo "2656"]
[BlackElo "2432"]

1.c4 c5 2.g3 Nc6 3.Bg2 g6 4.Nc3 Bg7 5.d3 e6 6.h4 h6 7.h5 g5 8.f4 gxf4 9.Bxf4 d6
10.Qd2 Nf6 11.Ne4 Nxe4 12.Bxe4 f5 13.Bg2 e5 14.Be3 Be6 15.Nf3 Qd7 16.Nh4 O-O-O
17.Ng6 Rh7 18.O-O Kb8 19.Rab1 Bf6 20.a3 Bg5 21.b4 d5 22.bxc5 e4 23.Bxg5 hxg5
24.Qxg5 dxc4 25.dxe4 fxe4 26.e3 Rg8 27.Qf4+ Ka8 28.Nf8 Qf7 29.Nxh7 Qxh7 30.Bxe4 Qe7
31.Qd6 Qe8 32.Bxc6 Qxc6 33.Qxc6 bxc6 34.Rf6 Bd5 35.Kf2 Re8 36.h6 a5 37.g4 Re4
38.Rf8+ Ka7 39.h7  1-0

[Event "PRO League Prelim 2023"]
[Site "chess.com INT"]
[Date "2023.03.01"]
[Round "3.1"]
[White "Krush,I"]
[Black "Santos Latasa,J"]
[Result "0-1"]
[WhiteElo "2432"]
[BlackElo "2657"]

1.d4 Nf6 2.c4 e6 3.Nc3 d5 4.cxd5 exd5 5.Bg5 c6 6.e3 h6 7.Bh4 Be6 8.Bd3 Nbd7
9.f3 Be7 10.Nge2 O-O 11.O-O Re8 12.Bf2 Rc8 13.Qd2 Nf8 14.Rad1 Ng6 15.h3 c5
16.dxc5 Bxc5 17.Bxg6 fxg6 18.Nd4 Bf7 19.Bg3 a6 20.Kh1 b5 21.Rc1 Qd7 22.Nce2 g5
23.Qd3 Kh8 24.Rc3 Bb6 25.Rfc1 Rc4 26.b3 Rxc3 27.Rxc3 Bg8 28.Qd2 Ba5 29.Nc1 Rc8
30.Nde2 d4 31.exd4 Nd5  0-1

[Event "PRO League Prelim 2023"]
[Site "chess.com INT"]
[Date "2023.03.01"]
[Round "3.2"]
[White "Pichot,A"]
[Black "Krush,I"]
[Result "1-0"]
[WhiteElo "2638"]
[BlackElo "2432"]

1.e4 c5 2.Nf3 e6 3.d4 cxd4 4.Nxd4 Nc6 5.Nc3 Qc7 6.Be3 a6 7.Qf3 Nf6 8.O-O-O Be7
9.Be2 d6 10.Qg3 Bd7 11.f4 Rc8 12.Bf3 O-O 13.Rhe1 b5 14.e5 Ne8 15.Re2 b4 16.Ne4 dxe5
17.fxe5 Kh8 18.Nxc6 Bxc6 19.Nd6 Bxf3 20.gxf3 Bxd6 21.exd6 Qd7 22.Qg4 a5 23.Bd4 Rc6
24.Be5 f6 25.Bg3 f5 26.Qd4 Nf6 27.Be5 Nd5 28.Rg1 Nf6 29.Reg2 Ne8 30.Rxg7  1-0

[Event "PRO League Prelim 2023"]
[Site "chess.com INT"]
[Date "2023.03.01"]
[Round "3.3"]
[White "Krush,I"]
[Black "Iturrizaga Bonelli,Eduardo"]
[Result "0-1"]
[WhiteElo "2432"]
[BlackElo "2636"]

1.d4 Nf6 2.c4 e6 3.Nc3 Bb4 4.e3 O-O 5.Bd3 d5 6.a3 Bxc3+ 7.bxc3 c5 8.cxd5 Qxd5
9.Nf3 b6 10.Qe2 Bb7 11.O-O Nbd7 12.Re1 Ne4 13.c4 Qh5 14.Bb2 Rfd8 15.h3 Rac8
16.a4 a5 17.Rad1 Nef6 18.Ne5 Qxe2 19.Bxe2 Nxe5 20.dxe5 Nd7 21.Rd6 Bc6 22.Bd1 Nb8
23.Bc2 Rxd6 24.exd6 Rd8 25.Rd1 f6 26.f4 Na6 27.Rd2 Nb4 28.Bd1 Kf7 29.g4 Be4
30.Be2 Bc2 31.Bc3 Bxa4 32.e4 Bb3 33.e5 a4 34.Bb2 Nc2 35.Bd3 Ne3 36.Bxh7 Nxc4
37.Re2 Nxb2 38.Rxb2 c4 39.Re2 a3 40.Bb1 c3  0-1

[Event "PRO League Prelim 2023"]
[Site "chess.com INT"]
[Date "2023.03.01"]
[Round "3.4"]
[White "Francisco Guecamburu,Candela Be"]
[Black "Krush,I"]
[Result "1-0"]
[WhiteElo "2279"]
[BlackElo "2432"]

1.e4 c5 2.Nf3 e6 3.d4 cxd4 4.Nxd4 Nc6 5.Nf3 Qc7 6.Bd3 Nf6 7.O-O a6 8.Qe2 d6
9.c4 Nb4 10.Nc3 Nxd3 11.Qxd3 Be7 12.b3 O-O 13.Bb2 b6 14.Nd4 Bb7 15.f4 b5
16.cxb5 axb5 17.Ncxb5 Qb6 18.e5 dxe5 19.fxe5 Nd7 20.Qe2 Ba6 21.a4 Bc5 22.Rfd1 Rfd8
23.Kh1 Nf8 24.Qf3 Bb7 25.Qg3 Ng6 26.Rac1 Rd5 27.Nf3 Rad8 28.Rf1 h6 29.Qg4 Rd3
30.Qc4 Be3 31.Rce1 Nf4 32.Bc1 Bxc1 33.Qxc1 Rd2 34.Rd1 Rxd1 35.Rxd1 Rxd1+
36.Qxd1 Qf2 37.Qg1 Qb2 38.Nbd4 Nxg2 39.Qxg2 Qa1+ 40.Qg1 Qc3 41.Qf2 g5 42.h3 h5
43.Kh2 g4 44.hxg4 hxg4 45.Ng1 Kg7 46.Qf4  1-0

[Event "3rd Cairns Cup 2023"]
[Site "Saint Louis USA"]
[Date "2023.06.03"]
[Round "1.5"]
[White "Abdumalik,Z"]
[Black "Krush,I"]
[Result "0-1"]
[WhiteElo "2497"]
[BlackElo "2436"]

1.e4 c5 2.Nf3 d6 3.d4 cxd4 4.Nxd4 Nf6 5.Nc3 Nc6 6.Bg5 e6 7.Qd2 a6 8.O-O-O Bd7
9.f4 Be7 10.Nf3 b5 11.Bxf6 gxf6 12.f5 h5 13.Kb1 Qa5 14.Bd3 O-O-O 15.Rhe1 Kb7
16.Qf2 Rc8 17.Ne2 e5 18.Nc1 Qb6 19.Qxb6+ Kxb6 20.Ne2 Bd8 21.Nc3 Ne7 22.Bf1 Bc7
23.Re3 Bc6 24.a3 h4 25.Red3 Rcd8 26.b3 Kb7 27.Kb2 Nxf5 28.exf5 e4 29.Rd5 exf3
30.gxf3 Rhg8 31.R5d4 Bxf3 32.R1d3 Bh1 33.Nd5 Rg5 34.Bh3 Bxd5 35.Rxd5 Bb6
36.Rxd6 Rxd6 37.Rxd6 Bc7 38.Rd2 Be5+ 39.c3 Kc7 40.Rf2 Rg1 41.Bf1 Rh1 42.h3 Bg3
43.Rf3 Rh2+ 44.Kb1 Kd6 45.c4 bxc4 46.Bxc4 a5 47.Rd3+ Ke5 48.Rd5+ Ke4 49.Rxa5 Rxh3
50.Bxf7 Rh1+ 51.Kc2 Rh2+ 52.Kb1 h3 53.Be8 Be5 54.Bc6+ Kd3 55.Rd5+ Bd4 56.Rd6 Rb2+
57.Kc1 Rc2+ 58.Kb1 Rxc6 59.Rxc6 h2 60.Rc1 Bg1  0-1

[Event "3rd Cairns Cup 2023"]
[Site "Saint Louis USA"]
[Date "2023.06.04"]
[Round "2.3"]
[White "Koneru,H"]
[Black "Krush,I"]
[Result "1/2-1/2"]
[WhiteElo "2567"]
[BlackElo "2436"]

1.d4 d5 2.c4 dxc4 3.e4 Nf6 4.e5 Nd5 5.Bxc4 Bf5 6.Ne2 e6 7.O-O Nb6 8.Bb5+ Nc6
9.Ng3 Bg6 10.Be3 Qd7 11.Qf3 a6 12.Bxc6 Qxc6 13.Qxc6+ bxc6 14.Rc1 Kd7 15.Nd2 a5
16.Nge4 a4 17.f3 Nd5 18.Kf2 Be7 19.Ke2 Rhb8 20.Rc2 Nb4 21.Rcc1 Nd5 22.Rc2 Rb5
23.Nc4 Rab8 24.Bd2 Ke8 25.Rcc1 c5 26.dxc5 Bxc5 27.Nc3 Nxc3+ 28.Bxc3 Rd8 29.Rd1 Rd5
30.Ne3 Bxe3 31.Kxe3 Kd7 32.Rd4 Rxd4 33.Bxd4 c5 34.Bc3 c4 35.Rd1+ Rd5 36.Rxd5+ exd5
37.a3 Ke6 38.g4 Bc2 39.Kd2 Bb1 40.Ke3 Bc2 41.Kd2 Bb1 42.Ke3 Bc2 43.Kd2 Bb1  1/2-1/2

[Event "3rd Cairns Cup 2023"]
[Site "Saint Louis USA"]
[Date "2023.06.05"]
[Round "3.2"]
[White "Krush,I"]
[Black "Dzagnidze,N"]
[Result "1-0"]
[WhiteElo "2436"]
[BlackElo "2510"]

1.d4 d5 2.c4 e6 3.Nc3 c6 4.e4 dxe4 5.Nxe4 Bb4+ 6.Bd2 Qxd4 7.Bxb4 Qxe4+ 8.Be2 Na6
9.Ba5 b6 10.Qd6 Bd7 11.Bc3 f6 12.Nf3 Nh6 13.Nd2 Qf5 14.Qa3 Nc5 15.Bd4 Kf7
16.Bxc5 Qxc5 17.Qxc5 bxc5 18.Nb3 Nf5 19.Nxc5 Rad8 20.O-O-O Bc8 21.Rxd8 Rxd8
22.Rd1 Rxd1+ 23.Bxd1 Ke7 24.Kd2 e5 25.Kc3 Nd4 26.b4 g5 27.g4 h6 28.a4 f5
29.h3 Kd6 30.a5 Kc7 31.Nb3 Nxb3 32.Kxb3 Kd6 33.Kc3 c5 34.b5 Kc7 35.Kd3 Be6
36.Be2 Bc8 37.Kd2 Be6 38.gxf5 Bxf5 39.Bg4 Bg6 40.Ke3 Bf7 41.Be2 Kd6 42.a6 Kc7
43.Ke4 Be6 44.Bf1 h5 45.Kxe5 Bd7 46.Kf6 g4 47.h4 Kb6 48.Bd3  1-0

[Event "3rd Cairns Cup 2023"]
[Site "Saint Louis USA"]
[Date "2023.06.06"]
[Round "4.3"]
[White "Khotenashvili,B"]
[Black "Krush,I"]
[Result "1-0"]
[WhiteElo "2470"]
[BlackElo "2436"]

1.d4 d5 2.Bf4 Nf6 3.e3 c5 4.Nd2 Nc6 5.Ngf3 e6 6.c3 Bd6 7.Bg3 O-O 8.Bd3 b6
9.Qe2 Bb7 10.a4 Qe7 11.a5 c4 12.Bc2 Nxa5 13.Bh4 Qd8 14.g4 Be7 15.Bxf6 Bxf6
16.h4 Be7 17.Ng5 h6 18.Nh7 Re8 19.g5 Nb3 20.Nxb3 cxb3 21.Bd3 e5 22.dxe5 d4
23.Rg1 dxc3 24.gxh6 cxb2 25.Rd1 g6 26.Qxb2 Kxh7 27.Qxb3 Bd5 28.Bxg6+ fxg6
29.Rxd5 Qc7 30.h5 g5 31.e6 Rad8 32.Qd3+ Kh8 33.Qd4+ Bf6 34.Qxf6+ Kh7 35.Qf5+ Kh8
36.Qf6+ Kh7 37.Qf5+ Kh8 38.Rxg5 Qc1+ 39.Ke2 Qc4+ 40.Ke1 Qc1+ 41.Ke2 Qc4+
42.Kf3 Qxd5+ 43.Qxd5 Rxd5 44.Rxd5 Rxe6 45.Rd8+ Kh7 46.Rd7+ Kxh6 47.Rxa7 Kxh5
48.e4 Kg6 49.Ke3 Re5 50.f4 Rb5 51.f5+ Kg5 52.Rg7+ Kf6 53.Rg6+ Kf7 54.Kf4 Rb1
55.Ke5 Rb5+ 56.Kf4 Rb1 57.Rc6 Rb4 58.Rd6 Ke7 59.Re6+ Kf7 60.Rh6 Ke7 61.Ke5 Rb5+
62.Kd4 Rb4+ 63.Kd5 Rb5+ 64.Kc4 Rb1 65.e5 b5+ 66.Kc5 Rc1+ 67.Kxb5 Re1 68.Rh7+ Kf8
69.e6 Re5+ 70.Kc6 Rxf5 71.Kd6 Kg8 72.e7 Kxh7 73.e8=Q Rg5 74.Ke6 Kg7 75.Qe7+ Kh6
76.Kf6 Rg6+ 77.Kf5 Ra6 78.Qd8 Kg7 79.Qd7+ Kh6 80.Qc8 Ra5+ 81.Kf6 Rf5+ 82.Kxf5  1-0

[Event "3rd Cairns Cup 2023"]
[Site "Saint Louis USA"]
[Date "2023.06.07"]
[Round "5.1"]
[White "Krush,I"]
[Black "Paehtz,E"]
[Result "1/2-1/2"]
[WhiteElo "2436"]
[BlackElo "2477"]

1.d4 d5 2.c4 e6 3.Nc3 h6 4.Bf4 Bd6 5.Bxd6 Qxd6 6.e4 dxe4 7.Nxe4 Qb4+ 8.Qd2 Qxd2+
9.Kxd2 b6 10.Kc3 Bb7 11.Re1 Ne7 12.b4 Nd7 13.Nf3 a5 14.b5 O-O-O 15.Bd3 Rhe8
16.Ned2 c5 17.bxc6 Nxc6 18.a3 Kc7 19.Bc2 Ne7 20.h4 Rc8 21.Rb1 Bc6 22.g3 Red8
23.Rhe1 Kb7 24.Be4 Ka7 25.Bxc6 Rxc6 26.Rb5 Nd5+ 27.Kb2 N5f6 28.Re2 Rc7 29.Kc3 Nd5+
30.Kb2 N5f6 31.Kc3 Nd5+ 32.Kb2 N5f6 33.Kc3  1/2-1/2

[Event "3rd Cairns Cup 2023"]
[Site "Saint Louis USA"]
[Date "2023.06.09"]
[Round "6.3"]
[White "Kosteniuk,A"]
[Black "Krush,I"]
[Result "1-0"]
[WhiteElo "2523"]
[BlackElo "2436"]

1.e4 c5 2.Nf3 d6 3.d4 cxd4 4.Qxd4 Nc6 5.Qd3 Nf6 6.Nc3 g6 7.Be2 Bg7 8.O-O O-O
9.Nd5 Bg4 10.c3 Nd7 11.Bg5 h6 12.Bh4 Bxf3 13.Qxf3 g5 14.Bg3 e6 15.Ne3 Nce5
16.Bxe5 Nxe5 17.Qh5 Qb6 18.Rab1 Qc6 19.h4 Qxe4 20.hxg5 hxg5 21.Qxg5 d5 22.Rbd1 Rad8
23.Bh5 d4 24.cxd4 Rxd4 25.b3 a5 26.Rxd4 Qxd4 27.Rd1 Qc5 28.Qg3 Qb6 29.Qh4 Qb4
30.Qxb4 axb4 31.Nc2 Rc8 32.Nxb4 Bh6 33.g3 Rc1 34.f4 Rxd1+ 35.Bxd1 Nd7 36.Nd3 Bg7
37.Bf3 b6 38.b4 Bc3 39.Bc6 Nf6 40.Kf2 Kf8 41.Kf3 Ke7 42.a3 Kd6 43.Ba4 Nd5
44.g4 Nc7 45.g5 b5 46.Bd1 Ne8 47.Ke4 Ke7 48.Ne5 Bb2 49.a4 Nd6+ 50.Kf3 bxa4
51.Bxa4 f6 52.Nc6+ Kf7 53.Kg4 fxg5 54.fxg5 Nc4 55.Kh5 Ne5 56.Nxe5+ Bxe5 57.b5 Bd4
58.Bb3 Be3 59.Kh6 Ke7 60.Kg6 e5 61.Kf5 e4 62.Bc2 Kf7 63.Bxe4 Ke7 64.Bd3 Bd4
65.Ke4 Bc3 66.Kd5  1-0

[Event "3rd Cairns Cup 2023"]
[Site "Saint Louis USA"]
[Date "2023.06.10"]
[Round "7.2"]
[White "Krush,I"]
[Black "Dronavalli,Harika"]
[Result "1-0"]
[WhiteElo "2436"]
[BlackElo "2510"]

1.d4 d5 2.c4 e6 3.Nc3 Nf6 4.cxd5 exd5 5.Bg5 c6 6.e3 Be7 7.Bd3 Nbd7 8.Qc2 Nh5
9.Bxe7 Qxe7 10.O-O-O Nb6 11.h3 g6 12.Nf3 Ng7 13.g4 Be6 14.Kb1 O-O-O 15.a4 Qb4
16.Ka1 Kb8 17.Be2 f5 18.Ne5 Nd7 19.Nd3 Qd6 20.a5 fxg4 21.hxg4 h5 22.gxh5 Nxh5
23.Na4 Bf5 24.Qb3 Bxd3 25.Bxd3 Nhf6 26.Rhg1 Ne4 27.a6 b6 28.Bxe4 dxe4 29.Nc3 Rde8
30.Rg4 Qe6 31.Qxe6 Rxe6 32.Rdg1 Rh6 33.Nxe4 Kc7 34.Rf4 Re7 35.b4 Nb8 36.Kb2 Nxa6
37.Ra1 g5 38.Nxg5 Kb7 39.Nf7 Rg6 40.Nd8+ Kc7 41.Rxa6 Kxd8 42.Rf8+ Re8 43.Rxe8+ Kxe8
44.Rxa7 Rg2 45.Kc3 Rxf2 46.Ra6 Re2 47.Kd3 Rb2 48.Rxb6 Kd7 49.Rb7+ Kc8 50.Kc3 Re2
51.Re7 Kd8 52.Re5 Kd7 53.d5 cxd5 54.Rxd5+ Kc6 55.Re5 Re1 56.b5+ Kd6 57.Kd4 Rd1+
58.Ke4 Rb1 59.Rd5+ Ke6 60.Rh5 Rb4+ 61.Kd3 Kd7 62.e4 Kd6 63.Ke3 Rb1 64.Rd5+ Ke6
65.Kd4 Rd1+ 66.Kc5 Rc1+ 67.Kb6 Rc4 68.Rc5 Rxe4 69.Kc7 Rd4 70.b6 Rd7+ 71.Kc8 Rh7
72.Rc7 Rh8+ 73.Kb7 Kd6 74.Ka7 Rh1 75.Rc2 Ra1+ 76.Kb8 Kd7 77.b7 Kd8 78.Rd2+ Ke7
79.Rd4 Ke6 80.Kc7 Rc1+ 81.Kb6 Rb1+ 82.Kc6 Ke7 83.Rd5  1-0

[Event "3rd Cairns Cup 2023"]
[Site "Saint Louis USA"]
[Date "2023.06.11"]
[Round "8.3"]
[White "Mammadzada,G"]
[Black "Krush,I"]
[Result "1/2-1/2"]
[WhiteElo "2456"]
[BlackElo "2436"]

1.e4 c5 2.Nf3 d6 3.d4 cxd4 4.Nxd4 Nf6 5.Nc3 Nc6 6.Bc4 e6 7.Be3 a6 8.Qe2 Qc7
9.Nxc6 Qxc6 10.Bd3 Be7 11.O-O-O O-O 12.f4 Nd7 13.g4 Qc7 14.g5 b5 15.a3 Bb7
16.Rhg1 Rfc8 17.Kb1 Bc6 18.Bd4 e5 19.Be3 exf4 20.Bxf4 Ne5 21.Bxe5 dxe5 22.Nd5 Bxd5
23.exd5 g6 24.h4 Rab8 25.c3 a5 26.h5 b4 27.cxb4 axb4 28.a4 Qd6 29.hxg6 hxg6
30.Qh2 e4 31.Qxd6 Bxd6 32.Bxe4 b3 33.Bd3 Rb4 34.Bb5 Rc2 35.Rge1 Rg2 36.Bc6 Rc4
37.Rg1 Rcc2 38.Rxg2 Rxg2 39.Re1 Be5 40.d6 Rxb2+ 41.Kc1 Rc2+ 42.Kb1 Bxd6 43.Bd5 Rc5
44.Bxb3 Rf5 45.Rd1 Be7 46.Rd5 Rxd5 47.Bxd5 Bxg5 48.a5 Kg7 49.a6 Be3 50.Kc2 f5
51.Kd3 Ba7 52.Ke2 g5 53.Kf3 g4+ 54.Kg2 Kf6 55.Bb3 f4 56.Bd1 Kg5 57.Be2 Kh4
58.Bd1 Kg5 59.Be2 Kh4 60.Bd1 Kg5 61.Be2 Kh4  1/2-1/2

[Event "3rd Cairns Cup 2023"]
[Site "Saint Louis USA"]
[Date "2023.06.12"]
[Round "9.4"]
[White "Krush,I"]
[Black "Zatonskih,A"]
[Result "1/2-1/2"]
[WhiteElo "2436"]
[BlackElo "2327"]

1.d4 d5 2.c4 e6 3.Nc3 c5 4.cxd5 exd5 5.Nf3 Nc6 6.g3 Nf6 7.Bg2 cxd4 8.Nxd4 Bc5
9.Nxc6 bxc6 10.O-O O-O 11.Na4 Bb6 12.Qc2 Bd7 13.b3 Qe7 14.Bb2 Rfe8 15.e3 Ne4
16.Nxb6 axb6 17.Rfd1 h5 18.h4 Rac8 19.Re1 Bf5 20.Qd1 Qe6 21.Qd4 Qf6 22.Bxe4 dxe4
23.Qxf6 gxf6 24.Bxf6 Bg4 25.b4 b5 26.a4 bxa4 27.Rxa4 c5 28.b5 Rb8 29.Rb1 Re6
30.Bc3 Reb6 31.Rc4 Be2 32.Rxc5 Rxb5 33.Rg5+ Kh7 34.Rbxb5 Rxb5 35.Rg7+ Kh6
36.Rxf7 Bf3 37.Kh2 Rc5 38.Bd4 Rc2 39.g4 Rxf2+ 40.Kg3 Rg2+ 41.Kf4 Rxg4+ 42.Kf5 Rg8
43.Be5 Bg4+ 44.Kxe4 Re8 45.Kf4 Re6 46.e4 Kg6 47.Rg7+ Kh6 48.Rg8 Kh7 49.Rb8 Kg6
50.Rb5 Ra6 51.Bd4 Re6 52.Rg5+ Kh6 53.Ra5 Kg6 54.Ra7 Kh6 55.e5 Rc6 56.Ke4 Kg6
57.Ra3 Re6 58.Ra2 Rc6 59.Rf2 Ra6 60.Kd5 Be6+ 61.Kc5 Bf5 62.Bc3 Re6 63.Ra2 Bg4
64.Ra8 Kf7 65.Kd4 Kg6 66.Bb4 Rb6 67.Kc5 Re6 68.Kd4 Rb6 69.Bc5 Rb1 70.Ra6+ Kf7
71.Rf6+ Kg7 72.Kd5 Rd1+ 73.Bd4 Re1 74.e6 Kg8 75.Rg6+ Kh7 76.Rg7+ Kh6 77.e7 Bd7
78.Kd6 Ba4 79.Rg8 Rd1 80.Kc5 Re1 81.Bf6 Kh7 82.Ra8 Kg6 83.Bg5 Bd7 84.Kd6 Bb5
85.Ra5 Be8 86.Kc7 Bf7 87.Ra6+ Kh7 88.Rh6+ Kg7 89.Rd6 Rb1 90.Bf6+ Kh7 91.Bd4 Rb4
92.Bf6 Be8 93.Rd8 Kg6 94.Bg5 Rc4+ 95.Kb6 Kf7 96.Rd2 Re4 97.Rf2+ Kg6 98.Kc7 Bf7
99.Rf6+ Kg7 100.Rd6 Ra4 101.Bf6+ Kh7 102.Bd4 Be8 103.Rd8 Bf7 104.Bf6 Kg6
105.Bg5 Rc4+ 106.Kd7 Rd4+ 107.Kc6 Rc4+ 108.Kd6 Re4 109.Rb8 Kg7 110.Rb7 Re1
111.Kd7 Rd1+ 112.Kc7 Re1 113.Rb6 Rd1 114.Bf6+ Kh7 115.Rc6 Be8 116.Ra6 Rd7+
117.Kc8 Kg8 118.Bg5 Rd4 119.Rf6 Bf7 120.Rf1 Rc4+ 121.Kd7 Rd4+ 122.Kc6 Rc4+
123.Kd6 Rd4+ 124.Ke5 Rd5+ 125.Ke4 Ra5 126.Rf6 Ra4+ 127.Ke5 Ra5+ 128.Kd6 Ra6+
129.Kd7 Ra7+ 130.Kd8  1/2-1/2

[Event "Global Chess League 2023"]
[Site "Dubai UAE"]
[Date "2023.06.22"]
[Round "1.4"]
[White "Krush,I"]
[Black "Tan,Zhongyi"]
[Result "1-0"]
[WhiteElo "2436"]
[BlackElo "2523"]

1.d4 Nf6 2.c4 e6 3.Nc3 d5 4.cxd5 exd5 5.Bg5 c6 6.e3 h6 7.Bh4 Be7 8.Bd3 O-O
9.Qc2 Re8 10.Nge2 Nbd7 11.O-O Ne4 12.Bxe7 Qxe7 13.Rae1 Ndf6 14.f3 Nxc3 15.Nxc3 Be6
16.Qf2 Rad8 17.Kh1 c5 18.dxc5 Qxc5 19.Ne2 Nd7 20.Nd4 Ne5 21.Bb1 Bd7 22.Rc1 Qb6
23.b3 Nc6 24.Rcd1 Re5 25.Nxc6 Bxc6 26.e4 Qxf2 27.Rxf2 Rde8 28.f4 R5e7 29.e5 f6
30.Bg6 Rf8 31.exf6 Rxf6 32.Bd3 Rfe6 33.Kg1 Kf7 34.h4 Re1+ 35.Rf1 Rxd1 36.Rxd1 Ke6
37.Re1+ Kd6 38.Rxe7 Kxe7 39.g4 Kd6 40.Kf2 Kc5 41.Ke3 d4+ 42.Kd2 Kb4 43.Kc2 Ka3
44.Kb1 a5 45.g5 hxg5 46.fxg5 Bf3 47.Bg6 Be2 48.h5 d3 49.Kc1 Bxh5 50.Bxh5 Kxa2
51.Bf7 Ka3 52.Kd2 b5 53.Kxd3 Kb4 54.Ke4 Kc5  1-0

[Event "Global Chess League 2023"]
[Site "Dubai UAE"]
[Date "2023.06.23"]
[Round "2.4"]
[White "Krush,I"]
[Black "Hou Yifan"]
[Result "1/2-1/2"]
[WhiteElo "2436"]
[BlackElo "2628"]

1.d4 Nf6 2.c4 e6 3.Nc3 Bb4 4.e3 O-O 5.Bd3 d5 6.Nf3 c5 7.cxd5 exd5 8.dxc5 Nbd7
9.Bd2 Nxc5 10.Be2 Ba5 11.O-O Nce4 12.Nxe4 dxe4 13.Bxa5 Qxa5 14.Nd4 Qg5 15.Kh1 Bg4
16.Rc1 Rac8 17.h3 Bxe2 18.Qxe2 a6 19.Rc2 h5 20.Rfc1 Rxc2 21.Rxc2 Rd8 22.Rc7 Qd5
23.a3 Ne8 24.Rc3 Qe5 25.Qc2 g6 26.Rc5 Qe7 27.b4 Rd7 28.Rc8 Kh7 29.Qc3 Rd8
30.Rc5 Rd7 31.Rc8 Rd8 32.Rc5 Rd7 33.Rc8 Rd8  1/2-1/2

[Event "Global Chess League 2023"]
[Site "Dubai UAE"]
[Date "2023.06.24"]
[Round "3.4"]
[White "Lagno,Kateryna"]
[Black "Krush,I"]
[Result "1/2-1/2"]
[WhiteElo "2552"]
[BlackElo "2436"]

1.e4 c5 2.Nf3 e6 3.c3 Nf6 4.e5 Nd5 5.Bc4 d6 6.d4 cxd4 7.cxd4 Nc6 8.O-O Be7
9.Qe2 O-O 10.Rd1 Na5 11.Bd3 Nb4 12.Nc3 Nxd3 13.Rxd3 d5 14.Ne1 f5 15.Rh3 Rf7
16.Nd3 Nc6 17.Be3 g5 18.f3 b6 19.Qd2 Bd7 20.Rh5 Rg7 21.Rh6 Na5 22.b3 Rc8
23.Ne2 Qe8 24.Bf2 Rg6 25.Rh5 Bb5 26.h4 h6 27.hxg5 hxg5 28.g3 Kg7 29.Kg2 Rh6
30.Rxh6 Kxh6 31.Rh1+ Kg7 32.Ne1 Nc6 33.Nc2 Qg6 34.Nc3 Ba6 35.a3 Na5 36.Nb4 Nxb3
37.Qb2 Bc4 38.Nc2 g4 39.Ne3 gxf3+ 40.Kxf3 Nxd4+ 41.Kg2 Nc6 42.Nxc4 dxc4 43.Ne2 Bg5
44.Qb5 Ne7 45.Qd7 c3 46.Nf4 Bxf4 47.Qxe7+ Kg8 48.Qd7 Rf8 49.Qd4 Bd2 50.Rh4 f4
51.Kh3 Rf5 52.gxf4 Rh5 53.Qd8+ Kf7 54.Qd7+ Kg8 55.Qd8+ Kf7 56.Qd7+ Kg8  1/2-1/2

[Event "Global Chess League 2023"]
[Site "Dubai UAE"]
[Date "2023.06.24"]
[Round "4.4"]
[White "Kosteniuk,A"]
[Black "Krush,I"]
[Result "1/2-1/2"]
[WhiteElo "2523"]
[BlackElo "2436"]

1.e4 c5 2.Nf3 d6 3.Bb5+ Bd7 4.c4 Nf6 5.Nc3 Nc6 6.O-O e6 7.d4 cxd4 8.Nxd4 Be7
9.Nc2 O-O 10.f4 a6 11.Ba4 b5 12.cxb5 axb5 13.Bxb5 Nxe4 14.Nxe4 Qb6+ 15.Be3 Qxb5
16.Nxd6 Qxb2 17.Nc4 Qb7 18.Rb1 Qc7 19.Nb6 Rad8 20.Qe2 Bc8 21.Rfc1 Qd6 22.a4 e5
23.Nxc8 Rxc8 24.fxe5 Qxe5 25.Qg4 Bc5 26.Re1 Qc3 27.Bxc5 Qxc5+ 28.Ne3 Ne5
29.Qe2 Nc4 30.Qxc4 Qxc4 31.Nxc4 Rxc4 32.Ra1 g6 33.a5 Ra8 34.Re7 Ra6 35.h3 Rf4
36.Re5 h5 37.Rf1 Ra4 38.Re7 R4xa5 39.Rfxf7 Rg5 40.Rg7+ Kh8 41.Rh7+ Kg8 42.Reg7+ Kf8
43.Rb7 Kg8 44.Rhg7+ Kh8 45.Rgc7 Ra8 46.Kh2 Re8 47.Rf7 Kg8 48.Rg7+ Kh8 49.Rgc7 Kg8
50.Rc6 Rf8 51.Rcc7 Rf2 52.Rc8+ Rf8 53.Rc2 Rf7 54.Rb6 Kg7 55.Rc8 Rf2 56.Rb7+ Rf7
57.Rbb8 Re5 58.Rg8+ Kh6 59.Rb6 Rg7 60.Rd8 Rf5 61.g4 hxg4 62.hxg4 Rc5 63.Kg3 Kg5
64.Rbd6 Rc3+ 65.Rd3 Rxd3+ 66.Rxd3 Rc7 67.Rd5+ Kh6 68.Kh4 Rc4 69.Ra5 Rb4 70.Rc5 Ra4
71.Rb5 Rc4 72.Ra5 Rb4 73.Rc5 Ra4  1/2-1/2

[Event "Global Chess League 2023"]
[Site "Dubai UAE"]
[Date "2023.06.25"]
[Round "5.4"]
[White "Koneru,H"]
[Black "Krush,I"]
[Result "1/2-1/2"]
[WhiteElo "2567"]
[BlackElo "2436"]

1.d4 d5 2.c4 e6 3.Nf3 Nf6 4.Nc3 h6 5.e3 a6 6.b3 c5 7.Bb2 cxd4 8.exd4 b6 9.Bd3 Bb7
10.O-O Be7 11.Qe2 O-O 12.Rad1 Nc6 13.Rfe1 Re8 14.h3 Bf8 15.Bb1 Rc8 16.Ne5 Na5
17.Bd3 dxc4 18.bxc4 Qc7 19.f4 Nd7 20.Nxd7 Qxd7 21.Ne4 Qc7 22.d5 Nxc4 23.Nf6+ gxf6
24.Qg4+ Bg7 25.Bxf6 Qc5+ 26.Kh2 Qf8 27.dxe6 fxe6 28.Bxg7 Qxg7 29.Qxg7+ Kxg7
30.Bxc4 Rxc4 31.Rd7+ Kf6 32.Rxb7 b5 33.Rb6 Rxf4 34.Rxa6 Rf2 35.Kg1 Rc2 36.a3 Ra2
37.Rb6 Rxa3 38.Rxb5 Ra6 39.Re3 e5 40.Kf2 Kf5 41.g4+ Kf6 42.Kf3 Rc6 43.Kg3 Rce6
44.Ra5 Kg6 45.Re4 Kg5 46.h4+ Kg6 47.Rb5 R8e7 48.Ra5 Re8 49.Rb5 R8e7 50.Ra5 Re8
51.Rb5  1/2-1/2

[Event "Global Chess League 2023"]
[Site "Dubai UAE"]
[Date "2023.06.26"]
[Round "6.4"]
[White "Tan,Zhongyi"]
[Black "Krush,I"]
[Result "1-0"]
[WhiteElo "2523"]
[BlackElo "2436"]

1.d4 d5 2.Nf3 Nf6 3.c4 e6 4.Nc3 h6 5.g3 Bd6 6.Bg2 O-O 7.O-O Nc6 8.c5 Be7
9.Rb1 Ne4 10.Qc2 f5 11.b4 Bf6 12.Rd1 a6 13.a4 a5 14.b5 Nb4 15.Qb3 Nxc3 16.Qxc3 Na2
17.Qd2 Nxc1 18.Rdxc1 Bd7 19.Qc3 Be8 20.Nd2 g5 21.Nb3 b6 22.e3 Rf7 23.Nd2 g4
24.Qb3 h5 25.Rc3 h4 26.Rbc1 h3 27.Bf1 Kg7 28.Qc2 Rd7 29.Nb3 Rb8 30.Bd3 Re7
31.Rd1 Rf7 32.Nc1 Bg5 33.Bf1 Kf6 34.Nd3 Re7 35.Rc1 Kg7 36.cxb6 cxb6 37.Ne5 Bf6
38.Nc6 Bxc6 39.Rxc6 Rbb7 40.Bd3 Qd7 41.Qc3 Kf7 42.Qa3 Re8 43.R1c2 Be7 44.Qc1 Bd6
45.Qd1 Rg8 46.f3 Qe7 47.fxg4 Rxg4 48.Qf3 Kg7 49.Bf1 Rg6 50.Bxh3 Bb8 51.Bg2 Qg5
52.Rc8 Bd6 53.R2c6 Be7 54.Ra8 Rh6 55.Rcc8 Kf7 56.h4 Qh5 57.Qxh5+ Rxh5 58.Bf3 Rh7
59.Kf2 Rg7 60.h5 Rh7 61.Rab8 Rd7 62.Rxb6 Bd6 63.Rcc6 Ke7 64.Ra6 Rg7 65.Rxa5 Bxg3+
66.Ke2 f4 67.Raa6 fxe3 68.Rxe6+ Kf7 69.h6 Rg5 70.Rf6+ Ke7 71.h7  1-0

[Event "Global Chess League 2023"]
[Site "Dubai UAE"]
[Date "2023.06.28"]
[Round "7.4"]
[White "Hou Yifan"]
[Black "Krush,I"]
[Result "1-0"]
[WhiteElo "2628"]
[BlackElo "2436"]

1.e4 c5 2.Nf3 d6 3.d4 cxd4 4.Nxd4 Nf6 5.Nc3 Nc6 6.Bg5 e6 7.Qd2 a6 8.O-O-O Bd7
9.Kb1 Be7 10.Nxc6 Bxc6 11.f3 O-O 12.h4 b5 13.Ne2 d5 14.Nd4 Bb7 15.e5 Nd7
16.f4 Nc5 17.g4 Ne4 18.Qe3 Qc7 19.Bxe7 Qxe7 20.g5 b4 21.h5 a5 22.Bd3 a4 23.Bxe4 dxe4
24.h6 g6 25.Nb5 b3 26.Rh2 Ba6 27.Nd6 bxc2+ 28.Rxc2 Bd3 29.Rxd3 exd3 30.Qxd3 Qa7
31.a3 Rfb8 32.Qc4 Qg1+ 33.Ka2 Qb6 34.Qc7 Qb3+ 35.Kb1 Rf8 36.Qe7 Qd3 37.Qf6 Qd1+
38.Rc1 Qd3+ 39.Ka1  1-0